[Event "ch-VIE Men 2012"]
[Site "Can Tho VIE"]
[Date "2012.03.20"]
[Round "3"]
[White "Nguyen Hoang Nam1"]
[Black "Hoang Van Ngoc"]
[Result "0-1"]
[WhiteElo "2361"]
[BlackElo "2201"]
[PlyCount "154"]
[EventDate "2012.03.19"]
[EventType "swiss"]
[EventRounds "9"]
[EventCountry "VIE"]
[Source "Mark Crowther"]
[SourceDate "2012.04.23"]

1. b4 d5 2. Bb2 Bf5 3. e3 e6 4. Nf3 Nf6 5. c4 dxc4 6. Bxc4 Be7 7. O-O O-O 8. b5
c6 9. a4 cxb5 10. axb5 Nbd7 11. d4 Bd6 12. Bd3 Ne4 13. Na3 Rc8 14. Nc4 Bb8 15.
Rc1 Bg6 16. Be2 Bh5 17. g3 Nb6 18. Ncd2 Rxc1 19. Qxc1 Nxd2 20. Qxd2 Qd5 21. Nh4
Nc4 22. Bxc4 Qxc4 23. Ba3 Re8 24. Rb1 Qd5 25. Qd3 f5 26. Rc1 g5 27. Ng2 Bf3 28.
Ne1 Be4 29. Qc4 Qxc4 30. Rxc4 g4 31. f3 Bd5 32. Rc1 h5 33. Kf2 Kf7 34. h4 gxh3
35. Nd3 h4 36. Ne5+ Bxe5 37. dxe5 Rg8 38. Rc7+ Kg6 39. gxh4 Kh6 40. e4 h2 41.
Rc1 fxe4 42. Rh1 exf3 43. Rxh2 Rc8 44. Kg3 Rg8+ 45. Kf2 Kh5 46. Bc5 a5 47. bxa6
bxa6 48. Ke3 a5 49. Kd3 a4 50. Rh1 Rc8 51. Kd4 a3 52. Bxa3 f2 53. Rf1 Rc2 54.
Ke3 Rc3+ 55. Kd4 Rxa3 56. Rxf2 Kxh4 57. Rf8 Ra6 58. Rg8 Rc6 59. Rh8+ Kg5 60.
Rg8+ Kf4 61. Rf8+ Kg3 62. Rg8+ Kf2 63. Rf8+ Ke2 64. Rc8 Ke1 65. Rh8 Rc4+ 66.
Kd3 Re4 67. Rh5 Kf2 68. Rg5 Kf3 69. Rh5 Kf4 70. Rh8 Kxe5 71. Rf8 Rf4 72. Rh8
Rf3+ 73. Ke2 Ra3 74. Rh4 Be4 75. Rh8 Kd4 76. Rd8+ Bd5 77. Rh8 e5 0-1

[Event "22nd Open ch-MKD"]
[Site "Struga MKD"]
[Date "2013.07.16"]
[Round "4.7"]
[White "Krstev, E."]
[Black "Bogoevski, J."]
[Result "1-0"]
[WhiteElo "2130"]
[BlackElo "2211"]
[PlyCount "111"]
[EventDate "2013.07.13"]
[EventType "swiss"]
[EventRounds "9"]
[Source "Mark Crowther"]
[SourceDate "2013.07.22"]
[WhiteTeam "CHN"]
[BlackTeam "USA"]
[BlackTeamCountry "USA"]

1. b4 d5 2. Bb2 Bf5 3. Nf3 e6 4. e3 Nf6 5. c4 Bxb4 6. Qa4+ Nc6 7. Ne5 a5 8.
Nxc6 bxc6 9. Qxc6+ Kf8 10. a3 Be7 11. Be5 Rc8 12. Nc3 Ng4 13. Bd4 Qe8 14. cxd5
exd5 15. Bb5 Qxc6 16. Bxc6 Bd6 17. h3 Ne5 18. Bxd5 Ke7 19. g4 Bd3 20. f4 Nd7
21. Bxg7 Rhg8 22. Bh6 Rg6 23. Bg5+ f6 24. Bh4 Nc5 25. Ba2 c6 26. Bb1 Rh6 27.
Bg3 Rg6 28. Bxd3 Nxd3+ 29. Ke2 Nc5 30. d4 Nd7 31. Ne4 Rg7 32. Nxd6 Kxd6 33. f5+
Kd5 34. Kd3 Re7 35. Rac1 Rce8 36. Bf4 c5 37. Rc4 Re4 38. Rb1 Rxf4 39. exf4 Re4
40. Rb7 Re7 41. Rxd7+ Rxd7 42. Rxc5+ Kd6 43. g5 Rb7 44. g6 Rb3+ 45. Rc3 Rb7 46.
h4 a4 47. h5 h6 48. Kc4 Ke7 49. d5 Kf8 50. d6 Kg8 51. Re3 Rb1 52. d7 Rd1 53.
Rd3 Rc1+ 54. Kd5 Kg7 55. d8=Q Rc5+ 56. Ke6 1-0

[Event "48th Capablanca Open I 2013"]
[Site "Havana CUB"]
[Date "2013.04.25"]
[Round "5.2"]
[White "Morovic Fernandez, I."]
[Black "Obregon Rivero, J."]
[Result "1-0"]
[WhiteElo "2560"]
[BlackElo "2501"]
[PlyCount "127"]
[EventDate "2013.04.21"]
[EventType "swiss"]
[EventRounds "10"]
[EventCountry "CUB"]
[Source "Mark Crowther"]
[SourceDate "2013.05.13"]

1. b4 d5 2. Bb2 Bf5 3. e3 Nf6 4. Nf3 e6 5. c4 c6 6. c5 a5 7. a3 axb4 8. axb4
Rxa1 9. Bxa1 Nbd7 10. Nc3 e5 11. Be2 h6 12. O-O Be7 13. d4 exd4 14. Nxd4 Bh7
15. b5 Bxc5 16. bxc6 bxc6 17. Nxc6 Qb6 18. Nxd5 Qxc6 19. Bxf6 Be4 20. Nc3 Bxg2
21. Bb5 Qb7 22. Qxd7+ Qxd7 23. Bxd7+ Kxd7 24. Rd1+ Ke6 25. Bxg7 Rg8 26. Kxg2
Rxg7+ 27. Kf3 Rg5 28. Ra1 Rf5+ 29. Ke2 Bd6 30. Ra6 Kd7 31. h3 Rh5 32. Ra2 Ke8
33. Ne4 Be7 34. Ra8+ Kd7 35. Ra7+ Ke8 36. Ng3 Rxh3 37. Kf1 Bc5 38. Ra5 Bb6 39.
Ra4 Bd8 40. Nf5 Kd7 41. Rd4+ Kc7 42. Nd6 Rh4 43. Rxh4 Bxh4 44. Nxf7 h5 45. Nh6
Kd7 46. Nf5 Bd8 47. Kg2 Bf6 48. Kh3 Ke6 49. Ng3 h4 50. Ne4 Bd8 51. Kg4 Ke5 52.
Nd2 Kd5 53. Nf3 Ke4 54. Nxh4 Ba5 55. Nf5 Be1 56. Ng3+ Kd3 57. Kf3 Ba5 58. Ne2
Kd2 59. Nf4 Ke1 60. Nd3+ Kd2 61. Ne5 Bc7 62. Ke4 Ke2 63. f4 Bb6 64. Ng4 1-0

[Event "TCh-CAT Div Hon 2013"]
[Site "Catalonia ESP"]
[Date "2013.02.09"]
[Round "4.8"]
[White "Onna Amargant, J."]
[Black "Lopez Agustench, E."]
[Result "0-1"]
[WhiteElo "1980"]
[BlackElo "2231"]
[PlyCount "128"]
[EventDate "2013.01.19"]
[EventType "team"]
[EventRounds "11"]
[EventCountry "ESP"]
[Source "Mark Crowther"]
[SourceDate "2013.02.18"]
[WhiteTeam "Andorra"]
[BlackTeam "Escola Escacs De BCN"]
[WhiteTeamCountry "AND"]

1. b4 d5 2. Bb2 Bf5 3. e3 e6 4. Nf3 Nf6 5. b5 Bd6 6. Be2 Nbd7 7. d4 c5 8. bxc6
bxc6 9. O-O Rb8 10. Qc1 O-O 11. Nbd2 c5 12. Ba3 Qc7 13. c4 cxd4 14. Bxd6 Qxd6
15. Nxd4 Bg6 16. cxd5 Rfc8 17. Qd1 Nxd5 18. Nc4 Qe7 19. Rc1 Nc5 20. Ne5 Qd6 21.
Nxg6 hxg6 22. Nb5 Qb6 23. Qd4 a5 24. Rfd1 Nd7 25. Qxb6 N7xb6 26. e4 Nf4 27. Bf1
e5 28. g3 Rxc1 29. Rxc1 Ne6 30. Rc6 Ng5 31. Nc3 Nf3+ 32. Kg2 Nd4 33. Rc5 Rc8
34. Na4 Rxc5 35. Nxc5 Kf8 36. f4 f6 37. fxe5 fxe5 38. Kh3 a4 39. Kg4 Kf7 40.
Ba6 a3 41. Bb7 Ke7 42. Kg5 Kf7 43. h3 Nf3+ 44. Kg4 Nd2 45. h4 Kf6 46. Ba6 Nb1
47. Nb3 Nc3 48. Nc1 Nxe4 49. Kf3 Nc5 50. Bb5 Nd5 51. Bc4 e4+ 52. Ke2 Ke5 53.
Bxd5 Kxd5 54. Ke3 Na4 55. Ne2 Ke5 56. g4 Nb6 57. Kd2 Nd5 58. Kc2 e3 59. Kb3 Ke4
60. Kxa3 Kd3 61. Ng1 e2 62. Nf3 Kc3 63. Ne1 Nb4 64. h5 Nc2+ 0-1

[Event "VIE Team Men 2015"]
[Site "Ho Chi Minh City VIE"]
[Date "2015.07.18"]
[Round "3.20"]
[White "Bao Quang"]
[Black "Nguyen, Thai Duong"]
[Result "1/2-1/2"]
[WhiteElo "2223"]
[BlackElo "1762"]
[PlyCount "97"]
[EventDate "2015.07.16"]
[EventType "swiss"]
[EventRounds "9"]
[EventCountry "VIE"]
[Source "Mark Crowther"]
[SourceDate "2015.07.27"]
[BlackTeamCountry "DEN"]

1. b4 d5 2. Bb2 Bf5 3. e3 e6 4. b5 Nf6 5. Nf3 Bd6 6. c4 c5 7. Be2 Nbd7 8. O-O
Qc7 9. d3 O-O 10. h3 a6 11. Nc3 h6 12. Qb3 Ne5 13. Rfd1 dxc4 14. dxc4 Rfd8 15.
a4 a5 16. Kf1 b6 17. Nxe5 Bxe5 18. f4 Bxc3 19. Qxc3 Be4 20. Bf3 Qb7 21. Ke2 Kf8
22. Rd2 Ke7 23. Rad1 Ne8 24. Rxd8 Rxd8 25. Rxd8 Kxd8 26. Qe5 Bxf3+ 27. gxf3 Qc7
28. Qe4 Nd6 29. Qa8+ Qc8 30. Qxc8+ Kxc8 31. Bxg7 h5 32. Kd3 Kd7 33. Be5 Nc8 34.
Bf6 Nd6 35. e4 Ke8 36. Be5 Nc8 37. Ke3 f5 38. Kf2 Kf7 39. Kg3 Kg6 40. Bc7 Kh6
41. Kf2 Kg6 42. Kg3 Kh6 43. Kh4 Kg6 44. e5 Kh6 45. Bd8 Kg6 46. Bg5 Na7 47. Bd8
Nc8 48. Bg5 Na7 49. Bd8 1/2-1/2

[Event "21st Bosnjaci Open"]
[Site "Bosnjaci CRO"]
[Date "2016.01.04"]
[Round "3.12"]
[White "Fridl, M."]
[Black "Rosic, S1."]
[Result "1/2-1/2"]
[WhiteElo "1949"]
[BlackElo "2305"]
[PlyCount "217"]
[EventDate "2016.01.03"]
[EventType "swiss"]
[EventRounds "9"]
[EventCountry "CRO"]
[Source "Mark Crowther"]
[SourceDate "2016.01.04"]

1. b4 d5 2. Bb2 Bf5 3. e3 Nf6 4. c4 dxc4 5. Bxc4 e6 6. Qb3 Be7 7. d4 O-O 8. Nc3
Ne4 9. f3 Nd6 10. e4 Nxc4 11. Qxc4 Bg6 12. Nge2 c6 13. O-O Nd7 14. Rfd1 Rc8 15.
Nf4 e5 16. Nxg6 hxg6 17. Ne2 Qb6 18. a3 a5 19. Bc3 axb4 20. axb4 exd4 21. Qxd4
Bf6 22. Qxb6 Nxb6 23. Bxf6 gxf6 24. Nd4 Nc4 25. Nb3 Rfd8 26. Kf2 Rxd1 27. Rxd1
Ra8 28. Ra1 Rd8 29. Ke2 Ne5 30. Rd1 Ra8 31. Ra1 Rb8 32. Rc1 Kf8 33. f4 Nd7 34.
h4 Ke7 35. Ra1 Kd6 36. Kf3 b6 37. g4 c5 38. bxc5+ bxc5 39. Ra3 c4 40. Nd4 Rb1
41. Ke3 Re1+ 42. Ne2 Rh1 43. Ra6+ Ke7 44. h5 gxh5 45. gxh5 Rxh5 46. Rc6 f5 47.
Rxc4 Rh3+ 48. Kf2 fxe4 49. Rxe4+ Kf6 50. Ng3 Nc5 51. Re3 Rh2+ 52. Kf3 Ne6 53.
Ne4+ Kg6 54. Kg3 Rb2 55. Ra3 Rb4 56. Nf2 Nxf4 57. Nh3 Ne6 58. Ng1 Ng5 59. Nh3
Ne4+ 60. Kf3 Nd2+ 61. Kg3 Nc4 62. Nf4+ Kg7 63. Rc3 Nd6 64. Ra3 Ne4+ 65. Kf3
Ng5+ 66. Kg3 Rb1 67. Nh3 Ne6 68. Nf4 Nd4 69. Rd3 Nf5+ 70. Kh3 Kf6 71. Nh5+ Ke5
72. Ng3 Rg1 73. Ne2 Rg8 74. Ra3 Rg5 75. Rb3 Ke4 76. Ra3 f6 77. Nc3+ Ke5 78. Ne2
Rh5+ 79. Kg2 Rg5+ 80. Kh3 Rh5+ 81. Kg2 Ke4 82. Ng3+ Nxg3 83. Kxg3 Rc5 84. Ra4+
Kf5 85. Ra3 Kg5 86. Kf3 Rc2 87. Ra5+ f5 88. Ra3 Rh2 89. Kg3 Rh8 90. Ra5 Rh1 91.
Rb5 Rd1 92. Rb3 Rh1 93. Kg2 Rh8 94. Ra3 Kg4 95. Rg3+ Kf4 96. Rf3+ Ke4 97. Ra3
f4 98. Ra4+ Kf5 99. Ra5+ Kg4 100. Ra7 f3+ 101. Kg1 Re8 102. Kf2 Re2+ 103. Kf1
Re5 104. Kf2 Re2+ 105. Kf1 Re5 106. Kf2 Kf4 107. Rf7+ Rf5 108. Rxf5+ Kxf5 109.
Kxf3 1/2-1/2

[Event "7th Arco Christmas Open"]
[Site "Arco ITA"]
[Date "2016.12.27"]
[Round "2.2"]
[White "Mortola, A."]
[Black "Luciani, V."]
[Result "1/2-1/2"]
[WhiteElo "1938"]
[BlackElo "2246"]
[PlyCount "42"]
[EventDate "2016.12.26"]
[EventType "swiss"]
[EventRounds "7"]
[EventCountry "ITA"]
[SourceDate "2017.01.02"]

1. b4 d5 2. Bb2 Bf5 3. e3 e6 4. Nf3 Nf6 5. b5 Nbd7 6. Be2 Bd6 7. d3 e5 8. Nbd2
O-O 9. O-O Bg4 10. c4 c6 11. a4 Qe7 12. Nb3 cxb5 13. axb5 Bxf3 14. Bxf3 e4 15.
Be2 dxc4 16. dxc4 Nc5 17. Nxc5 Bxc5 18. Qc2 Rfe8 19. Rfd1 a5 20. bxa6 bxa6 21.
Bc3 Nd7 1/2-1/2

[Event "5th Prague Summer Open"]
[Site "Prague CZE"]
[Date "2018.08.05"]
[Round "4.17"]
[White "Becker, Mat2"]
[Black "Zemlickova, Olena"]
[Result "1-0"]
[WhiteElo "2254"]
[BlackElo "2099"]
[PlyCount "71"]
[EventDate "2018.08.03"]
[EventType "swiss"]
[EventRounds "9"]
[EventCountry "CZE"]

1. b4 d5 2. Bb2 Bf5 3. Nf3 h6 4. e3 e6 5. c4 Nf6 6. Qb3 Be7 7. cxd5 exd5 8. Be2
O-O 9. O-O c6 10. Nc3 Ne4 11. Rac1 Bf6 12. d3 Nxc3 13. Bxc3 Bxc3 14. Rxc3 Qd6
15. Rfc1 Nd7 16. a4 a6 17. h3 Rac8 18. d4 Nf6 19. Nd2 Ne4 20. Nxe4 dxe4 21. b5
cxb5 22. axb5 Rxc3 23. Rxc3 Rc8 24. bxa6 Rxc3 25. Qxc3 bxa6 26. Qa5 Bc8 27. Bc4
Bb7 28. Qa4 Kf8 29. Qb3 Qd7 30. Qb6 Qc8 31. d5 f5 32. d6 Ke8 33. Qd4 Kd7 34.
Qe5 Qe8 35. Qxg7+ Kxd6 36. Qxb7 1-0

[Event "Porec CRO, Open 2008"]
[Site "Porec CRO"]
[Date "2008.12.06"]
[Round "6.7"]
[White "Pandurevic, Miro"]
[Black "Fattorich, Igor"]
[Result "1-0"]
[WhiteElo "2250"]
[BlackElo "2077"]
[EventDate "2008.12.04"]

1. b4 d5 2. Bb2 Bf5 3. Nf3 f6 4. e3 e5 5. a3 Bd6 6. c4 c6 7. Nc3 Ne7 8. 
Qb3 Be6 9. cxd5 cxd5 10. d4 e4 11. Nd2 Kf7 12. Nb5 Na6 13. Nxd6+ Qxd6 14. 
b5 Nc7 15. a4 b6 16. Ba3 Qd7 17. Be2 h5 18. Rc1 g6 19. O-O Rhc8 20. f3 
exf3 21. Nxf3 Kg7 22. Bxe7 Qxe7 23. Nh4 Ne8 24. e4 Bg4 25. Bxg4 hxg4 26. 
Rce1 dxe4 27. Qg3 Nd6 28. Qxg4 Qf7 29. Re3 Rh8 30. Rg3 Rh6 31. Qf4 Qe7 32.
 Qxd6 1-0

[Event "19th ch-Euro Seniors +65"]
[Site "Rhodes GRE"]
[Date "2019.04.12"]
[Round "7.15"]
[White "Morriss,P"]
[Black "Renman,N"]
[Result "0-1"]
[BlackElo "2358"]
[BlackFideId "1700367"]
[BlackTitle "IM"]
[EventDate "2019.04.06"]
[WhiteElo "1968"]
[WhiteFideId "2500230"]

1. b4 d5 2. Bb2 Bf5 3. Nf3 Nf6 4. e3 e6 5. c4 c6 6. b5 c5 7. Be2 h6 8. O-O dxc4
9. Na3 Be7 10. Nxc4 O-O 11. d4 Nbd7 12. a4 Rc8 13. Rc1 Nd5 14. Qd2 Bh7
15. Rfd1 cxd4 16. Bxd4 Nc5 17. Qb2 f6 18. Bxc5 Bxc5 19. Nd4 Qe7 20. Bf3 Rfd8
21. Qb3 Nb4 22. Bxb7 Qxb7 23. Nxe6 Rxd1+ 24. Qxd1 Qe7 25. Nd6 Qxe6 26. Nxc8 Nd3
27. Rxc5 Nxc5 28. Nxa7 Be4 29. Qd4 Qb3 30. f3 Qb1+ 31. Kf2 Nd3+ 32. Kg3 Qe1+
33. Kg4 Ne5+ 34. Kh3 Bf5+ 35. g4 Qf1+ 36. Kg3 Qxf3+ 37. Kh4 Ng6+
0-1

[Event "Sukharev Memorial-2009 open"]
[Date "2009.07.23"]
[Round "6"]
[White "Grebenschikov, Vladimir"]
[Black "Zaichenko, Daria"]
[Result "1-0"]
[BlackElo "2087"]
[EventDate "2009.07.29"]
[PlyCount "70"]
[WhiteElo "2308"]

1. b4 d5 2. Bb2 Bf5 3. Nf3 e6 4. e3 Nf6 5. a3 h6 6. Be2 Nbd7 7. O-O Be7
8. d3 O-O 9. Nbd2 c5 10. bxc5 Nxc5 11. a4 Rc8 12. a5 Bd6 13. Ra2 Na6 14. Nd4 Bh7
15. Nb5 Bb8 16. Qb1 Nc5 17. f4 a6 18. Nd4 Qe7 19. Rf3 Rfd8 20. Rh3 Bd6
21. N2f3 Ncd7 22. Nh4 Bb4 23. Ndf3 Rc7 24. Ra4 Bc5 25. Ne5 Rdc8 26. Qd1 Ba7
27. c4 dxc4 28. Nxc4 Nd5 29. d4 N7f6 30. Qb3 Ne4 31. Bd3 Qd7 32. Ra1 Rxc4
33. Bxc4 Nd2 34. Bxd5 Nxb3 35. Bxb3 Qb5
1-0

[Event "Memorial Siamidi"]
[Date "2009.10.06"]
[Round "4.11"]
[White "Tagirov Kajum K (RUS)"]
[Black "Zatokovenko I (RUS)"]
[Result "0-1"]
[Annotator "?"]
[BlackElo "2254"]
[PlyCount "52"]
[Remark "?"]
[WhiteElo "1921"]

1. b4 d5 2. Bb2 Bf5 3. e3 e6 4. Nf3 Nf6 5. c4 c6 6. a3 Be7 7. Be2 h6 8. d3 O-O
9. Nbd2 Nbd7 10. c5 Qc7 11. d4 Ne4 12. Ne5 Nxe5 13. dxe5 b6 14. Nxe4 Bxe4
15. f3 Bg6 16. cxb6 Qxb6 17. Kf2 c5 18. Qa4 a5 19. Qd7 Ra7 20. bxa5 Qb8
21. Qb5 Rb7 22. a4 c4 23. Qxb7 Qxb7 24. Bd4 Ra8 25. e4 dxe4 26. Bxc4 Qb4
0-1

[Event "Konakovo Final 2012"]
[Date "2012.03.07"]
[Round "6"]
[White "Stoletov, Gennadi"]
[Black "Shapkin, Anatoliy"]
[Result "1-0"]
[BlackElo "2029"]
[EventDate "2012.??.??"]
[PlyCount "61"]
[WhiteElo "2265"]

1. b4 d5 2. Bb2 Bf5 3. Nf3 e6 4. e3 Nf6 5. a3 Nbd7 6. c4 dxc4 7. Bxc4 Be7
8. d4 O-O 9. O-O c6 10. Nbd2 Ne4 11. Nxe4 Bxe4 12. Nd2 Bg6 13. e4 Qc7 14. f4 h6
15. Qe2 Nb6 16. Bb3 a5 17. Rae1 Bf6 18. f5 exf5 19. exf5 Bh7 20. Ne4 Nd7
21. Qc4 Kh8 22. Nxf6 Nxf6 23. Re5 axb4 24. axb4 Bg8 25. d5 Rac8 26. Qh4 Qd6
27. Re3 Ne8 28. Rxe8 Rfxe8 29. Bxg7+ Kxg7 30. f6+ Qxf6 31. Qxf6+
1-0

[Event "PpH Juniori U19"]
[Date "2016.07.31"]
[Round "9.2"]
[White "Sokac, Marko"]
[Black "Saric, Luka"]
[Result "1/2-1/2"]
[BlackElo "2043"]
[EventDate "2016.07.25"]
[PlyCount "65"]
[WhiteElo "2202"]

1. b4 d5 2. Bb2 Bf5 3. Nf3 e6 4. e3 Nf6 5. b5 Be7 6. c4 O-O 7. Be2 dxc4
8. Bxc4 c6 9. a4 a6 10. Nc3 Qc7 11. Qe2 Rc8 12. bxa6 Nxa6 13. O-O h6 14. Nd4 Bh7
15. f4 Bc5 16. Nb3 Bd6 17. d4 Nb4 18. Nd2 Nbd5 19. Nf3 Ne4 20. Nxe4 Bxe4
21. g3 b5 22. Nd2 Bh7 23. axb5 cxb5 24. Bxd5 exd5 25. Rxa8 Rxa8 26. Rc1 Qe7
27. Kf2 b4 28. Nb3 g5 29. h4 gxh4 30. Qg4+ Kh8 31. gxh4 Re8 32. Qg3 Rg8 33. Qh3
1/2-1/2